Antologia da língua nacional: para a primeira e segunda séries dos ginásios: com biobibliografias, vocabulário, anotações de gramática e estilo, de acôrdo com os programas oficiais.
Gespeichert in:
| 1. Verfasser: | |
|---|---|
| Format: | Buch |
| Sprache: | Portugiesisch |
| Erschienen: |
São Paulo
Editora do Brasil S/A
1944
|
| Katalog: | MANES: Suchergebnis im Bibliothekskatalog |
| Schulbuchspezifische Eigenschaften: |
|
| Schriftenreihe: | Coleção didática do Brasil: série ginasial, 12
|
| Tags: |
Tag hinzufügen
Keine Tags, Fügen Sie den ersten Tag hinzu!
|
| Hinzugefügt zu: | 02.06.2025 |
| Geändert in: | 15.08.2025 |
MARC
| LEADER | 00000nam a22000007a 4500 | ||
|---|---|---|---|
| 005 | 20250815135722.0 | ||
| 008 | 250603b |||||||| |||| 00| 0 por d | ||
| 040 | |a centro_manes |c CMU | ||
| 100 | |a Moura, Américo de. |c Professor de português do ginásio de Campinas (1906-1914), de português, literatura e latim da escola normal de São Paulo (1914-1935), de história de língua no colégio universitário (1935-1937), de filologia românica e literatura portuguesa da faculdade de filosofia de S. Bento (1940-1944) |9 46120 | ||
| 245 | |a Antologia da língua nacional: para a primeira e segunda séries dos ginásios: com biobibliografias, vocabulário, anotações de gramática e estilo, de acôrdo com os programas oficiais. | ||
| 260 | |a São Paulo |b Editora do Brasil S/A |c 1944 | ||
| 300 | |a 472 p. |c 20 x 14 cm | ||
| 440 | |p Coleção didática do Brasil: série ginasial, 12 |9 8146 | ||
| 500 | |a Contém esquemas em preto e branco | ||
| 546 | |a Brasil | ||
| 690 | 0 | |a LEN | |
| 691 | 0 | |a SE | |
| 942 | |2 ddc |c BK | ||
| 999 | |c 104839 |d 104839 | ||
| 999 | |c manes:104839 |d 104839 | ||